| 000 | 00478nam a22001697a 4500 | ||
|---|---|---|---|
| 005 | 20251108172350.0 | ||
| 008 | 250721s1999 xx 000 0 ara d | ||
| 082 | 1 | 4 | _a793.74/شيا |
| 100 | 1 | _aالبنا، سميح | |
| 245 | 1 | 0 | _aالرياضيات المسلية / |
| 264 | 1 |
_aدمشق : _bالحكمة، _c1999. |
|
| 300 | _a200ص | ||
| 490 | 0 | _aسلسلة العلوم المسلية | |
| 650 | 1 | 7 | _aألعاب الرياضيات |
| 942 |
_2ddc _cBK |
||
| 999 |
_c77348 _d77348 |
||